000 01541cam a2200349 i 4500
999 _c331746
_d331746
001 17703750
003 NUST
005 20171024101019.0
008 130419s2008 pk 000 0 urd
010 _a 2013352422
020 _a9789694163956
025 _aP-U-2013352422; 15
037 _bLibrary of Congress -- Islamabad Overseas Office
_cRs 400.00
040 _aDLC
_beng
_cDLC
_erda
042 _alcode
_apcc
050 0 0 _aPK2199.I65
_bZ79347 2008
066 _c(3
_c(4
082 _a891.55
_bIQB
100 1 _6880-01
_aIqbal, Muhammad
_99
245 1 0 _6880-02
_aJāved nāmah /
_cby Muhammad Iqbal, tarjuma Muzamillah Shafique
264 1 _aRawalpindi :
_bIqbal academy Pakistan,
_c2007.
300 _a47 pages ;
_c22 cm
336 _atext
_2rdacontent
337 _aunmediated
_2rdamedia
338 _avolume
_2rdacarrier
520 _aCritical study of Jāvednāmah, a poetic book of Muhammad Iqbal, 1877-1938.
546 _aIn Urdu.
600 1 0 _6880-03
_aIqbal, Muhammad,
_cSir,
_d1877-1938.
_tJāvīdnāmah.
_lUrdu.
_95575
880 1 _6100-01/(3/r‏
_aمحمد اقبال
880 1 0 _6245-02/(3/r‏
_a‏جاويد نامه
_cمحمد اقبال ، ترجمہ مزملّہ شفیق، تصاویر تبسم خالد، نگرانی خرم علی شفیق
880 1 4 _6260-03/(3/r‏
_aلاہور
_cاقبال اکیڈیمی پاکستان،
_d2007
906 _a7
_bcbc
_corigode
_d3
_encip
_f20
_gy-nonroman
942 _2ddc
_cBK